000 00482nmm a2200157Ia 4500
008 251105s9999||||xx |||||||||||||||||und||
020 _a9789707186231
041 _aspa
100 _aBrodskaïa, Nathalia
245 0 _aEl Simbolismo
264 _a[Washington, Estados Unidos] :
_bParkstone International,
_c[Fecha de publicación no identificada]
300 _a0 páginas
650 _aArts in general
856 _uhttps://public.digitaliapublishing.com/a/122307
942 _cCF
999 _c97161
_d97161